| 000 | 01494cam a2200397 i 4500 | ||
|---|---|---|---|
| 001 | 26598 | ||
| 003 | Mx-PuUPA | ||
| 005 | 20250925091718.0 | ||
| 008 | 140415s2015 sp gr 000 0 spa d | ||
| 017 | _aS. 93-2015 | ||
| 020 |
_a9788430118953 _qempastado |
||
| 040 |
_aMx-PuUPA _bspa _cMx-PuUPA _dMx-PuUPA _erda |
||
| 041 | 1 |
_aspa _hfre |
|
| 100 | 1 |
_aHenry, Michel, _d1922-2002 _916743 _eautor |
|
| 240 | 1 | 2 |
_aL'essence de la manifestation. _lEspañol |
| 245 | 1 | 3 |
_aLa esencia de la manifestación / _cMichel Henry ; traducción anotada de Miguel García-Baró y Mercedes Huarte |
| 264 | 1 |
_aSalamanca, España : _bEdiciones Sígueme, _c2015 |
|
| 300 |
_a702 páginas ; _c24 cm |
||
| 336 |
_2rdacontent _atexto _btxt |
||
| 337 |
_2rdamedia _asin medio _bn |
||
| 338 |
_2rdacarrier _avolumen _bnc |
||
| 490 | 0 |
_aHermeneia ; _v100 |
|
| 600 | 1 | 4 |
_aHeidegger, Martín, _d1889-1976 _xCrítica e interpretación |
| 650 | 7 |
_2armarc _913986 _aFenomenología |
|
| 650 | 7 |
_2armarc _aOntología |
|
| 650 | 7 |
_2armarc _aYo (Filosofía) |
|
| 650 | 7 |
_2armarc _aTrascendentalismo |
|
| 700 | 1 |
_aGarcía-Baró, Miguel, _etraductor _916717 |
|
| 700 | 1 |
_aHuarte, Mercedes, _etraductor |
|
| 765 | 0 |
_aHenry, Michel, 1922-2002 _dFrance : Presses Universitaires, 2011 _tL'essence de la manifestation. |
|
| 942 |
_2ddc _cLI _h128.3 _iH43 |
||
| 999 |
_c26598 _d26598 |
||